000 00285nam a22001337a 4500
008 170601b xxu||||| |||| 00| 0 eng d
020 _a01636545
041 _aeng
080 _a94
100 _a17
101 _aSHH
245 _aRADICAL HISTORY REVIEW
_cDAVIS,N.Z
942 _2udc
_cBK
999 _c15442
_d15442